000 00822nam a2200217 a 4500
003 0
005 20250609103131.0
008 021120s19uu xx 00 eng d
050 _aPGS LB 1031
_b.V422 2000
100 _aVega, Kimmy Zyra T.
245 _aPeer teaching as a learning tool for grade 6 students of Southville International School school year 1999-2000 /
_cKimmy Zyra T. Vega.
260 _aLas PiƱas City, Philippines :
_bSouthville International School and Colleges,
_c2000.
300 _a23 pages :
_bcolored illustrations ;
_c28 cm.
504 _aIncludes bibliographical references.
650 _aPeer teaching.
650 _aLearning strategies.
650 _aTeaching
_vMethodology.
650 _aEducation, Elementary
_vActivity programs.
650 _aGrade 6 (Education).
942 _2lcc
_cPASS
999 _c96295
_d96295